Airports in the Philippines - Statistics

General Stats
  • This quiz has been taken 574 times
    573 since last reset
  • The average score is 16 of 44
Answer Stats
Hint Answer % Correct
International Manila
96%
International Cebu
93%
International Davao
86%
International Clark
74%
International Iloilo
63%
International Zamboanga
52%
Domestic Class 2 Basco
51%
International Bacolod
50%
Domestic Class 2 Caticlan
50%
International Puerto Princesa
47%
Domestic Class 1 Tacloban
47%
International General Santos
45%
International Kalibo
43%
Domestic Class 2 Baguio
40%
Domestic Class 1 Tagbilaran
40%
Domestic Class 1 Dumaguete
39%
International Laoag
39%
Domestic Class 1 Legazpi
36%
Domestic Class 2 Coron
34%
Domestic Class 1 Naga
33%
Domestic Class 1 Butuan
32%
Domestic Class 2 Surigao
32%
Domestic Class 1 Roxas
30%
Domestic Class 1 Tuguegarao
29%
Domestic Class 2 Masbate
28%
International Subic
28%
Domestic Class 2 Sayak
27%
Domestic Class 1 Cotabato
25%
Domestic Class 2 Tawi-Tawi
25%
Domestic Class 1 Dipolog
24%
Domestic Class 2 Tugdan
24%
Domestic Class 2 Camiguin
20%
Domestic Class 2 Jolo
20%
Domestic Class 1 Virac
20%
Domestic Class 2 Catarman
18%
Domestic Class 1 Laguindingan
18%
Domestic Class 2 Ormoc
18%
Domestic Class 1 Pagadian
18%
Domestic Class 1 San Jose
18%
Domestic Class 2 Calbayog
17%
Domestic Class 2 Marinduque
17%
Domestic Class 2 Antique
11%
Domestic Class 2 Tandag
8%
Domestic Class 2 Cuyo
4%
No matching quizzes found
Score Distribution
Percent of People with Each Score
Percentile by Number Answered
Your Score History
You have not taken this quiz since the last reset